[Event "ch-IND"]
[Site "Mumbai IND"]
[Date "2003.01.24"]
[Round "10"]
[White "Soman,S"]
[Black "Roy Chowdhury,S"]
[Result "1/2-1/2"]
[WhiteElo "2364"]
[BlackElo "2395"]
[EventDate "2003.01.18"]

1. d4 e6 2. Nf3 d5 3. Bf4 Nf6 4. e3 Bd6 5. Bg5 c6 6. Nbd2 Nbd7 7. Bd3 Qb6
8. Rb1 Qa5 9. O-O h6 10. Bh4 Qc7 11. c4 b6 12. b4 O-O 13. c5 Be7 14. h3 Bb7
15. Nb3 Qd8 16. Bg3 Ne4 17. Bh2 Nc3 18. Qc2 Nxb1 19. Rxb1 Qc8 20. a4 a5 21.
cxb6 Nxb6 22. Nxa5 Nd7 23. Qc3 Bd8 24. Bd6 Re8 25. Nxb7 Qxb7 26. a5 Be7 27.
a6 Qa7 28. Bxe7 Rxe7 29. Qxc6 Nb6 30. b5 Rc8 31. Qd6 Rd7 32. Qb4 f6 33. g3
Qc7 34. Qa5 Rd6 35. Qb4 Rdd8 36. Qa5 Rd6 37. Qb4 Rd7 38. Qa5 Rd6 39. Qb4
Rdd8 40. Qa5 Kh8 41. Rb3 Qc1+ 42. Kg2 Qd1 43. Qb4 h5 44. g4 hxg4 45. hxg4
Rc7 46. Bg6 Qc1 47. Qa5 Nc4 48. Qb4 Nb6 49. Kg3 Qc4 50. Qa3 Qc1 51. Qa5 Rd6
52. Qb4 Rd8 53. Qa5 Rd6 54. Qb4 Rd8 55. Qa5 Rd6 56. Qb4 1/2-1/2

[Event "ch-IND"]
[Site "Mumbai IND"]
[Date "2003.01.24"]
[Round "10"]
[White "Satyapragyan,S"]
[Black "Neelotpal,D"]
[Result "1/2-1/2"]
[WhiteElo "2438"]
[BlackElo "2406"]
[EventDate "2003.01.18"]

1. e4 e6 2. d4 d5 3. e5 c5 4. c3 Qb6 5. Nf3 Nc6 6. a3 Nh6 7. b4 cxd4 8.
cxd4 Nf5 9. Be3 Bd7 10. Bd3 Nxe3 11. fxe3 Rc8 12. O-O Be7 13. Nbd2 Nd8 14.
Nb3 Ba4 15. Qb1 Bxb3 16. Qxb3 Nc6 17. Rac1 1/2-1/2

[Event "ch-IND"]
[Site "Mumbai IND"]
[Date "2003.01.24"]
[Round "10"]
[White "Sriram,J"]
[Black "Prathamesh,S"]
[Result "1-0"]
[WhiteElo "2448"]
[BlackElo "2366"]
[EventDate "2003.01.18"]

1. d4 Nf6 2. c4 e6 3. Nf3 b6 4. g3 Ba6 5. Qa4 Be7 6. Bg2 Bb7 7. Nc3 O-O 8.
O-O Ne4 9. Nxe4 Bxe4 10. Ne1 Bxg2 11. Nxg2 d6 12. Rd1 Qd7 13. Qc2 Nc6 14.
d5 Nd8 15. e4 c6 16. Ne3 Nb7 17. b3 Bf6 18. Rb1 exd5 19. exd5 c5 20. Bb2
Bxb2 21. Rxb2 Rfe8 22. Qd3 Re5 23. f4 Re7 24. Nf5 Ree8 25. g4 f6 26. Rg2 g6
27. Qc3 Rf8 28. Nh6+ Kh8 29. g5 Qg7 30. Re1 Nd8 31. Rge2 Nf7 32. Re7 fxg5
33. Qxg7+ Kxg7 34. fxg5 1-0

[Event "ch-IND"]
[Site "Mumbai IND"]
[Date "2003.01.24"]
[Round "11"]
[White "Ganguly,S"]
[Black "Sriram,J"]
[Result "1-0"]
[WhiteElo "2556"]
[BlackElo "2448"]
[EventDate "2003.01.18"]

1. e4 c5 2. Nf3 d6 3. d4 cxd4 4. Nxd4 Nf6 5. Nc3 a6 6. Be2 e5 7. Nb3 Be7 8.
O-O O-O 9. Kh1 b6 10. Be3 Bb7 11. f3 b5 12. Qd2 Nbd7 13. Rfd1 Qc7 14. Rac1
Nb6 15. Na5 Rac8 16. Bxb5 Na8 17. Nxb7 Qxb7 18. Bd3 Qxb2 19. Nd5 Nxd5 20.
exd5 Qxa2 21. Ra1 Qb2 22. Rdb1 Qc3 23. Qxc3 Rxc3 24. Rxa6 Nc7 25. Ra5 g6
26. Rb7 Rc8 27. g4 Kf8 28. Kg2 Bd8 29. Bd2 Rc5 30. Rxc5 dxc5 31. d6 Ne6 32.
Bh6+ Kg8 33. Bc4 Bf6 34. Bxe6 fxe6 35. g5 Bd8 36. Rg7+ Kh8 37. d7 Ra8 38.
Rf7 Ba5 39. Re7 1-0

[Event "ch-IND"]
[Site "Mumbai IND"]
[Date "2003.01.24"]
[Round "11"]
[White "Barua,D"]
[Black "Prakash,G"]
[Result "1/2-1/2"]
[WhiteElo "2541"]
[BlackElo "2439"]
[EventDate "2003.01.18"]

1. e4 e6 2. d4 d5 3. Nd2 c5 4. Ngf3 Nf6 5. exd5 exd5 6. Bb5+ Bd7 7. Qe2+
Be7 8. dxc5 O-O 9. Nb3 Re8 10. Be3 a6 11. Bd3 Ba4 12. Nfd4 Nbd7 13. O-O
Bxb3 14. c6 Ba4 15. cxd7 Bxd7 16. Qf3 Bd6 17. Nf5 Be5 18. c3 Ne4 19. Rfd1
Qc7 20. h3 Re6 21. c4 Bc6 22. cxd5 Bxd5 23. Rac1 Nf6 24. Qe2 Rc6 25. Rxc6
Bxc6 26. Bb1 Re8 27. Qc2 Qa5 28. Nd6 Bxd6 29. Rxd6 Rxe3 30. fxe3 Qe1+ 31.
Kh2 Ng4+ 1/2-1/2

[Event "ch-IND"]
[Site "Mumbai IND"]
[Date "2003.01.24"]
[Round "11"]
[White "Ramesh,R"]
[Black "Thipsay,P"]
[Result "1/2-1/2"]
[WhiteElo "2472"]
[BlackElo "2465"]
[EventDate "2003.01.18"]

1. d4 Nf6 2. c4 g6 3. Nc3 Bg7 4. e4 d6 5. Bd3 e5 6. d5 O-O 7. Nge2 a5 8.
O-O Na6 9. f3 Nc5 10. Bc2 c6 11. Be3 cxd5 12. cxd5 Nh5 13. g4 Nf4 14. Kh1
Nxe2 15. Qxe2 b6 16. Qd2 Ba6 17. Rg1 Bc8 18. Qe2 Ba6 19. Qd2 b5 20. a3 Qc7
21. Qe2 Rfc8 22. Rgc1 Rf8 23. Rf1 Qd8 24. Ba4 bxa4 25. b3 1/2-1/2

[Event "ch-IND"]
[Site "Mumbai IND"]
[Date "2003.01.24"]
[Round "11"]
[White "Ravi,L"]
[Black "Suvrajit,S"]
[Result "0-1"]
[WhiteElo "2419"]
[BlackElo "2390"]
[EventDate "2003.01.18"]

1. d4 d5 2. Nf3 Nf6 3. c4 c6 4. e3 a6 5. a4 e6 6. Bd3 dxc4 7. Bxc4 c5 8.
O-O Nc6 9. Qe2 cxd4 10. Rd1 Be7 11. exd4 O-O 12. Nc3 Nb4 13. Bg5 Nfd5 14.
Bc1 b6 15. Ne4 Bb7 16. Ne5 Rc8 17. Ra3 f6 18. Nf3 Re8 19. Ne1 Qc7 20. Bb3
Bf8 21. Ra1 Nf4 22. Nxf6+ gxf6 23. Qg4+ Ng6 24. Bxe6+ Rxe6 25. Qxe6+ Qf7
26. Qxb6 Qd5 27. Nf3 Ne5 28. Qxf6 Bg7 29. Bg5 Bxf6 30. dxe5 Qxf3 31. gxf3
Bxg5 32. Ra3 a5 33. Kg2 Nd5 34. Kh3 Rc4 35. Rb3 Nf4+ 36. Kg4 Ne6+ 37. Kg3
Bh4+ 38. Kh3 Ng5+ 39. Kg2 Rg4+ 40. Kf1 Ba6+ 41. Ke1 Rb4 42. Rd8+ Kf7 43.
Rc3 Bb7 44. Rb8 Nxf3+ 45. Kd1 Rd4+ 46. Kc2 Be4+ 47. Kb3 Bd5+ 48. Kc2 Be4+
49. Kb3 Nd2+ 50. Ka2 Rxa4+ 51. Ra3 Bd5+ 52. Ka1 Rg4 53. b3 Bxf2 54. Kb2
Bd4+ 55. Kc2 Rg2 56. Kd3 Nf3 57. e6+ Ke7 0-1

[Event "ch-IND"]
[Site "Mumbai IND"]
[Date "2003.01.24"]
[Round "11"]
[White "Roy Chowdhury,S"]
[Black "Sundararajan,K"]
[Result "1/2-1/2"]
[WhiteElo "2395"]
[BlackElo "2416"]
[EventDate "2003.01.18"]

1. e4 e5 2. Nf3 Nc6 3. Bc4 Bc5 4. c3 Bb6 5. d3 Nf6 6. O-O d6 7. h3 O-O 8.
Re1 Ne7 9. Nbd2 Ng6 10. Nf1 c6 11. Bb3 Nh5 12. Bg5 Qe8 13. Be3 Nhf4 14. Ng3
Qe7 15. d4 Qf6 16. Bc2 h6 17. Nf5 Bc7 18. Kh1 Bxf5 19. exf5 Nh4 20. Nxh4
Qxh4 21. Qf3 Nd5 22. Bd2 exd4 23. Re4 Qf6 24. Rxd4 Nb6 25. Bf4 Rac8 26. Qg3
Nd5 27. Bd2 Ne7 28. Rg4 d5 29. Qf3 c5 30. Re1 Nc6 31. Bf4 Bxf4 32. Rxf4 d4
33. Be4 1/2-1/2

[Event "ch-IND"]
[Site "Mumbai IND"]
[Date "2003.01.24"]
[Round "11"]
[White "Saravanan,V"]
[Black "Bakre,T"]
[Result "0-1"]
[WhiteElo "2357"]
[BlackElo "2464"]
[EventDate "2003.01.18"]

1. e4 c5 2. Nf3 d6 3. d4 cxd4 4. Nxd4 Nf6 5. Nc3 Nc6 6. f3 Qb6 7. Nb3 e6 8.
Bf4 Ne5 9. Qe2 a6 10. Be3 Qc7 11. f4 Nc6 12. a4 b6 13. g4 h6 14. Bg2 Bb7
15. O-O Be7 16. Rae1 Nd7 17. e5 dxe5 18. f5 Nb4 19. fxe6 fxe6 20. Be4 Bxe4
21. Nxe4 Nf6 22. Nxf6+ gxf6 23. Nd2 Qxc2 24. Bxb6 Nd5 25. Bf2 Rg8 26. Kh1
Rd8 27. Rd1 Nf4 28. Qe1 Rxd2 0-1

[Event "ch-IND"]
[Site "Mumbai IND"]
[Date "2003.01.25"]
[Round "12"]
[White "Venkatesh,M"]
[Black "Arvind,S"]
[Result "1-0"]
[WhiteElo "2399"]
[BlackElo "2330"]
[EventDate "2003.01.18"]

1. Nf3 c5 2. g3 g6 3. Bg2 Bg7 4. d3 Nc6 5. O-O Nf6 6. e4 d6 7. Re1 e5 8. c3
O-O 9. a3 d5 10. exd5 Nxd5 11. Nbd2 Nc7 12. Nc4 f6 13. Be3 b6 14. b4 cxb4
15. axb4 Be6 16. Qe2 Qd7 17. Red1 Rad8 18. Ne1 Bd5 19. Qb2 Bxg2 20. Nxg2
Qd5 21. Na3 f5 22. Qa2 Qxa2 23. Rxa2 Rd7 24. Bc1 Rfd8 25. Ne1 Nd5 26. Nb5
Nxc3 27. Nxc3 Nxb4 28. Ra4 Nxd3 29. Nxd3 Rxd3 30. Rxd3 Rxd3 31. Ne2 Rd1+
32. Kg2 Re1 33. Ra2 a5 34. Be3 b5 35. Nc3 f4 36. Bd2 1-0

[Event "ch-IND"]
[Site "Mumbai IND"]
[Date "2003.01.25"]
[Round "12"]
[White "Sundararajan,K"]
[Black "Neelotpal,D"]
[Result "1/2-1/2"]
[WhiteElo "2416"]
[BlackElo "2406"]
[EventDate "2003.01.18"]

1. Nf3 Nf6 2. c4 c6 3. d4 d5 4. Nc3 a6 5. c5 Nbd7 6. Bf4 Nh5 7. e3 g6 8.
Bd3 Bg7 9. O-O O-O 10. Bg5 Qe8 11. e4 dxe4 12. Bxe4 h6 13. Be3 Ndf6 14. Bc2
Be6 15. Ne5 Nd5 16. Nxd5 Bxd5 17. Qd2 Kh7 18. f4 e6 19. g4 Nf6 20. Rae1 Ne4
21. Bxe4 Bxe4 22. Nc4 Qe7 23. Nd6 Bd5 24. Bf2 f5 25. h3 Bxa2 26. b3 Bxb3
27. Rb1 Bd5 28. Rxb7 Qd8 29. Rfb1 fxg4 30. hxg4 Qf6 31. Bg3 Kg8 32. Rxg7+
Qxg7 33. Rb7 Qxb7 34. Nxb7 Rab8 35. Nd6 Rb3 36. Bf2 Rfb8 37. Qc2 Rb1+ 38.
Be1 Kh7 39. Qe2 Ra1 40. Qe5 Rbb1 41. Qf6 Rxe1+ 42. Kf2 Rf1+ 43. Ke2 Rfe1+
1/2-1/2

[Event "ch-IND"]
[Site "Mumbai IND"]
[Date "2003.01.25"]
[Round "12"]
[White "Thipsay,P"]
[Black "Roy Chowdhury,S"]
[Result "1/2-1/2"]
[WhiteElo "2465"]
[BlackElo "2395"]
[EventDate "2003.01.18"]

1. e4 c5 2. Nf3 Nc6 3. d4 cxd4 4. Nxd4 e5 5. Nb5 d6 6. N1c3 a6 7. Na3 b5 8.
Nd5 Nce7 9. c4 Nxd5 10. cxd5 Be7 11. Nc2 Bg5 12. Nb4 Bxc1 13. Qxc1 Bd7 14.
Bd3 Ne7 15. O-O O-O 16. Qe3 a5 17. Nc2 f5 18. exf5 Bxf5 19. Qd2 Qb6 20. Ne3
Bxd3 21. Qxd3 Rf4 22. Rac1 Raf8 23. g3 Rd4 24. Qc2 Qb7 25. Rcd1 a4 26. Qe2
Ng6 27. Nc2 Rc4 28. b3 axb3 29. axb3 Rc3 30. Rd3 Qc8 31. Ne3 Rc7 32. Rdd1
Qb7 33. Rc1 e4 34. Qg4 Re7 35. Kh1 Ree8 36. f4 exf3 37. Rxf3 Rxf3 38. Qxf3
Ne5 39. Qe4 Qd7 40. Qf5 Qb7 41. Rf1 1/2-1/2

[Event "ch-IND"]
[Site "Mumbai IND"]
[Date "2003.01.25"]
[Round "12"]
[White "Suvrajit,S"]
[Black "Barua,D"]
[Result "0-1"]
[WhiteElo "2390"]
[BlackElo "2541"]
[EventDate "2003.01.18"]

1. d4 Nf6 2. Nf3 e6 3. Bf4 c5 4. c3 cxd4 5. cxd4 Qb6 6. Qb3 Qxb3 7. axb3
Nc6 8. Nc3 Nb4 9. Rc1 Nfd5 10. Bd2 f5 11. Ne5 b6 12. g4 Bb7 13. Bg2 fxg4
14. Nb5 Ba6 15. Nc7+ Nxc7 16. Rxc7 Rc8 17. Rxd7 Bb5 18. Rxa7 Nc2+ 19. Kd1
Nxd4 20. Re1 Nxb3 21. Bc3 Bc5 22. e3 O-O 23. Nxg4 Rf7 24. Rxf7 Kxf7 25.
Ne5+ Ke7 26. Kc2 Ba4 27. Kb1 Bd6 28. f4 g6 29. Nd3 Rc7 30. h4 Ke8 31. h5
gxh5 32. Rh1 b5 33. Rxh5 b4 34. Be1 e5 35. fxe5 Bf8 36. e6 Rg7 37. Be4 Rg4
38. Bf3 Rg1 39. Rh1 Nd2+ 40. Kc1 Nxf3 41. Rxg1 Nxg1 42. Nxb4 Ne2+ 43. Kb1
Bb3 44. Na6 Bd6 45. Nb4 Ke7 46. Nc6+ Kxe6 47. e4 h5 48. Na5 Bd1 49. Nc4 Bf4
50. b4 Bb3 51. Na5 Ba4 52. Nb7 Ke5 53. Nc5 Bb5 54. Kc2 Bg3 55. Kd2 h4 56.
Nd3+ Bxd3 57. Kxd3 Nf4+ 58. Kd2 Bxe1+ 59. Kxe1 h3 0-1

[Event "ch-IND"]
[Site "Mumbai IND"]
[Date "2003.01.25"]
[Round "12"]
[White "Satyapragyan,S"]
[Black "Ganguly,S"]
[Result "1-0"]
[WhiteElo "2438"]
[BlackElo "2556"]
[EventDate "2003.01.18"]

1. e4 e5 2. Nf3 Nc6 3. Bb5 a6 4. Ba4 Nf6 5. d4 exd4 6. O-O Be7 7. Re1 b5 8.
Bb3 d6 9. Bd5 Bb7 10. Nxd4 Nxd5 11. Nxc6 Bxc6 12. exd5 Bb7 13. a4 Qd7 14.
axb5 Qxb5 15. Qg4 Qxd5 16. Nc3 Qc6 17. Bg5 f6 18. Bxf6 gxf6 19. Rxe7+ Kxe7
20. Qg7+ Kd8 21. Qxf6+ Kd7 22. Qg7+ Kd8 23. Qxh8+ Qe8 24. Qxh7 Kc8 25. Rd1
Bc6 26. Qd3 Rb8 27. b3 Rb4 28. Qxa6+ Bb7 29. Qe2 Qg8 30. f3 Qh8 31. Nd5 Rd4
32. Rxd4 Qxd4+ 33. Ne3 Kb8 34. Qf2 Qa1+ 35. Nf1 d5 36. h4 Ba6 37. h5 Qc1
38. f4 d4 39. h6 Bxf1 40. Qxf1 Qxc2 41. Qb5+ Kc8 42. Qa6+ Kb8 43. Qb5+ Kc8
44. Kh2 Qh7 45. Qg5 d3 46. Qg7 Qf5 47. h7 1-0

[Event "ch-IND"]
[Site "Mumbai IND"]
[Date "2003.01.25"]
[Round "12"]
[White "Sriram,J"]
[Black "Ravi,L"]
[Result "1/2-1/2"]
[WhiteElo "2448"]
[BlackElo "2419"]
[EventDate "2003.01.18"]

1. d4 Nf6 2. c4 e6 3. Nf3 d5 4. Nc3 dxc4 5. e4 Bb4 6. Bg5 c5 7. Bxc4 cxd4
8. Nxd4 Qa5 9. Bd2 Qc5 10. Bb5+ Nbd7 11. Nb3 Qb6 12. Qe2 a6 13. Bd3 Ne5 14.
O-O Bd7 15. Rfd1 Rc8 16. Be3 Qc7 17. Bd4 O-O 18. Rac1 Qb8 19. Bb1 Bc6 20.
a3 Bxc3 21. Rxc3 Bb5 22. Qc2 Nfg4 23. f4 Rxc3 24. Qxc3 Ng6 25. g3 e5 26.
Bc5 Rd8 27. Rxd8+ Qxd8 28. Qd2 Qxd2 29. Nxd2 exf4 30. Nf3 fxg3 31. hxg3
N4e5 32. Nd2 Nc4 33. Nxc4 Bxc4 34. Kf2 f6 35. Ke3 Ne5 36. Kd4 Be6 37. Bd3
Nc6+ 38. Ke3 Kf7 39. b4 Ne5 40. Bd6 Bb3 41. Bf1 h5 42. Kd4 Ke6 43. Bf8 g5
44. Be2 h4 45. gxh4 gxh4 46. Bh6 Ba4 47. Bf4 Bb5 48. Bd1 Kd6 49. Ke3 Ke7
50. Kd4 Nf7 51. Bg4 Bc6 52. Be3 Bd7 53. Bh5 Ng5 54. Bf2 h3 55. Bg3 Bc6 56.
e5 Bf3 57. exf6+ Kxf6 58. Be8 Ne6+ 59. Ke3 Bg2 60. Kf2 Nd4 61. Ba4 Ke6 62.
Bd1 Kd5 63. Bh4 Kc4 64. Bf6 Kd3 65. Kg3 Nb5 66. Bb2 Kd2 67. a4 Nc3 68. Bb3
Ne2+ 69. Kh2 Nf4 70. b5 axb5 71. axb5 Ne2 72. Be6 Nf4 73. Bc8 Nd3 74. Ba3
b6 75. Bd6 Nb2 76. Bc7 Na4 77. Bxh3 Bxh3 78. Kxh3 Kc3 1/2-1/2

[Event "ch-IND"]
[Site "Mumbai IND"]
[Date "2003.01.26"]
[Round "13"]
[White "Ganguly,S"]
[Black "Soman,S"]
[Result "1-0"]
[WhiteElo "2556"]
[BlackElo "2364"]
[EventDate "2003.01.18"]

1. e4 c5 2. Nf3 e6 3. d4 cxd4 4. Nxd4 a6 5. Bd3 Nc6 6. Nxc6 dxc6 7. Nd2 e5
8. Qh5 Bd6 9. Nc4 Bc7 10. Bg5 Nf6 11. Qf3 h6 12. Bd2 Be6 13. Bc3 Bxc4 14.
Bxc4 b5 15. Be2 Qe7 16. O-O-O Nd7 17. h4 O-O-O 18. a3 Kb7 19. Bb4 c5 20.
Bd2 Nb6 21. Qg4 f6 22. Qf3 Rd7 23. g4 Rhd8 24. b3 Bd6 25. c4 bxc4 26. Bxc4
Nxc4 27. bxc4 Bc7 28. Bc3 Qe6 29. Rd5 Qc6 30. Qd1 Ka7 31. Rh3 Rxd5 32. exd5
Qd7 33. Re3 Rb8 34. f3 Bd6 35. Qc2 Rb7 36. Bd2 Bc7 37. Be1 Rb8 38. Bf2 Bd6
39. Re2 Rf8 40. Qb3 Rb8 41. Qd3 Qb7 42. Qc2 g6 43. f4 g5 44. fxg5 fxg5 45.
h5 Qf7 46. Qf5 Rb7 47. Bg3 Re7 48. Bxe5 Rxe5 1-0

[Event "ch-IND"]
[Site "Mumbai IND"]
[Date "2003.01.26"]
[Round "13"]
[White "Barua,D"]
[Black "Sriram,J"]
[Result "1-0"]
[WhiteElo "2541"]
[BlackElo "2448"]
[EventDate "2003.01.18"]

1. e4 c5 2. Nf3 Nf6 3. Nc3 d5 4. exd5 Nxd5 5. Ne4 e6 6. g3 Be7 7. Bg2 O-O
8. O-O Nc6 9. b3 e5 10. Bb2 f6 11. d3 Be6 12. Nc3 Nc7 13. Nd2 Qd7 14. a4
Bh3 15. Nc4 Bxg2 16. Kxg2 Nd4 17. Ne2 Qc6+ 18. f3 Nde6 19. Qe1 b6 20. Nc3
Nd4 21. Rf2 a6 22. Qe4 b5 23. Ne3 Qxe4 24. dxe4 Rfd8 25. Ncd5 Nxd5 26. Nxd5
Bf8 27. Rd2 b4 28. a5 Rab8 29. f4 Bd6 30. f5 Kf7 31. g4 Rb5 32. Ne3 Bc7 33.
Nc4 Ke7 34. Bxd4 Rxd4 35. Rxd4 exd4 36. Kf3 h6 37. h4 Rb8 38. Ke2 Kd7 39.
Kd3 Kc6 40. Rh1 Rh8 41. Re1 Bg3 42. Rh1 Bc7 43. Rg1 Kb5 44. e5 Bxe5 45. Re1
Kc6 46. Nxe5+ fxe5 47. Rxe5 h5 48. g5 Kd6 49. Re6+ Kd5 50. Rxa6 Re8 51. f6
gxf6 52. Rxf6 Re3+ 53. Kd2 c4 54. bxc4+ Kxc4 55. a6 Rh3 56. a7 Ra3 57. Rf7
Ra2 58. g6 b3 59. Rc7+ 1-0

[Event "ch-IND"]
[Site "Mumbai IND"]
[Date "2003.01.26"]
[Round "13"]
[White "Neelotpal,D"]
[Black "Thipsay,P"]
[Result "1/2-1/2"]
[WhiteElo "2406"]
[BlackElo "2465"]
[EventDate "2003.01.18"]

1. e4 e5 2. Nf3 Nc6 3. Bb5 a6 4. Ba4 Nf6 5. O-O Be7 6. Re1 b5 7. Bb3 d6 8.
c3 O-O 9. h3 Na5 10. Bc2 c5 11. d4 Nd7 12. Nbd2 cxd4 13. cxd4 Nc6 14. Nb3
a5 15. Bd3 Ba6 16. d5 Nb4 17. Bf1 a4 18. Nbd4 exd4 19. a3 Nxd5 20. exd5 Bf6
21. Nxd4 Qb6 22. Nc6 Ne5 23. Be3 Qb7 24. Nb4 Rfe8 25. Rc1 Nc4 26. Bxc4 bxc4
27. Qd2 Bb5 28. Bd4 Bxd4 29. Qxd4 h6 30. Nc2 Qd7 31. Ne3 Rac8 32. Rc3 f5
33. f3 Rc5 34. Rec1 Qf7 35. Qf4 Re5 36. Nxc4 Bxc4 37. Rxc4 Rcxd5 38. Rd4
Qa7 39. Rcc4 Qb6 1/2-1/2

[Event "ch-IND"]
[Site "Mumbai IND"]
[Date "2003.01.26"]
[Round "13"]
[White "Ramesh,R"]
[Black "Bakre,T"]
[Result "1-0"]
[WhiteElo "2472"]
[BlackElo "2464"]
[EventDate "2003.01.18"]

1. e4 c5 2. Nf3 d6 3. d4 cxd4 4. Nxd4 Nf6 5. Nc3 Nc6 6. Bg5 a6 7. Qd2 Nxd4
8. Qxd4 Qa5 9. f4 e6 10. O-O-O Nd7 11. Bh4 Qc5 12. Qd2 b5 13. Kb1 Rb8 14.
Bd3 Nb6 15. Ne2 Be7 16. Bxe7 Kxe7 17. Rhf1 h6 18. g4 e5 19. g5 exf4 20.
Nxf4 Be6 21. Nxe6 fxe6 22. gxh6 Rxh6 23. e5 Qxe5 24. Rde1 Rxh2 25. Qc1 Qh5
26. Qf4 Rh4 27. Qg3 Qg4 28. Qf2 Qh5 29. Bf5 e5 30. Rxe5+ Kd8 31. Re6 Nc8
32. Bg6 Qg5 33. Qf7 1-0

[Event "ch-IND"]
[Site "Mumbai IND"]
[Date "2003.01.26"]
[Round "13"]
[White "Prathamesh,S"]
[Black "Sundararajan,K"]
[Result "0-1"]
[WhiteElo "2366"]
[BlackElo "2416"]
[EventDate "2003.01.18"]

1. e4 e5 2. Nf3 Nc6 3. Bb5 a6 4. Ba4 Nf6 5. O-O Nxe4 6. d4 b5 7. Bb3 d5 8.
dxe5 Be6 9. Nbd2 Nc5 10. c3 Bg4 11. Bc2 Qd7 12. Re1 Rd8 13. Nb3 Ne6 14. Qd3
Bh5 15. Nh4 Be7 16. Nf5 Bg6 17. Qh3 O-O 18. f4 Bc5+ 19. Kh1 Bb6 20. Nh6+
gxh6 21. f5 h5 22. Bh6 Rfe8 23. Qg3 Ne7 24. Rf1 Ng7 25. fxg6 fxg6 26. Bg5
Nef5 27. Bxf5 Nxf5 28. Qf3 Rc8 29. Rad1 Rxe5 30. Bf4 Re3 31. Qxd5+ Qxd5 32.
Rxd5 Re2 33. h3 Rf8 34. Rfd1 Rf2 35. g3 h4 36. g4 Ng3+ 37. Bxg3 hxg3 38.
Rg1 0-1

[Event "ch-IND"]
[Site "Mumbai IND"]
[Date "2003.01.26"]
[Round "13"]
[White "Saravanan,V"]
[Black "Venkatesh,M"]
[Result "0-1"]
[WhiteElo "2357"]
[BlackElo "2399"]
[EventDate "2003.01.18"]

1. Nf3 Nf6 2. c4 b6 3. g3 Bb7 4. Bg2 e5 5. O-O d6 6. Nc3 Nbd7 7. d3 g6 8.
Nh4 Bxg2 9. Nxg2 Bg7 10. e4 O-O 11. Bg5 h6 12. Be3 a5 13. a3 Nc5 14. b3 Qd7
15. b4 Ne6 16. Nd5 Nh7 17. Rc1 f5 18. c5 bxc5 19. bxc5 dxc5 20. Bxc5 Rf7
21. Kh1 fxe4 22. dxe4 Nhg5 23. f3 c6 24. Nb6 Qxd1 25. Rfxd1 Re8 26. Be3
Rxf3 27. Rxc6 Nxe4 28. Nc4 g5 29. Nxa5 Nd4 30. Bxd4 exd4 31. Kg1 Nc3 32.
Re1 Ref8 33. h4 d3 34. Rd6 Ne2+ 35. Kh2 Be5 0-1

[Event "ch-IND"]
[Site "Mumbai IND"]
[Date "2003.01.26"]
[Round "14"]
[White "Satyapragyan,S"]
[Black "Barua,D"]
[Result "1-0"]
[WhiteElo "2438"]
[BlackElo "2541"]
[EventDate "2003.01.18"]

1. e4 e6 2. d4 d5 3. e5 c5 4. c3 Nc6 5. Nf3 Qb6 6. a3 a5 7. Bd3 Bd7 8. O-O
cxd4 9. cxd4 Nxd4 10. Nxd4 Qxd4 11. Nc3 Qxe5 12. Re1 Qd6 13. Qf3 Nf6 14.
Nb5 Bxb5 15. Bxb5+ Kd8 16. Be3 e5 17. Bg5 h6 18. Bxf6+ gxf6 19. Rad1 d4 20.
Rxd4 Qxd4 21. Rd1 Qxd1+ 22. Qxd1+ Kc7 23. Qd7+ Kb6 24. Bc4 h5 25. h4 Rh6
26. Qb5+ Kc7 27. Bd5 Rb8 28. Qxa5+ Kd7 29. Qb5+ Kc7 30. Qc4+ Kd8 31. Bxf7
Bd6 32. Be6 f5 33. Bxf5 Ke7 34. Be4 Rf6 35. b4 Rf4 36. f3 b5 37. Qc1 Rg8
38. Qc6 Rb8 39. g3 Rff8 40. Kg2 Rf6 41. Qd5 Rc8 42. Qxb5 Rc1 43. Qd3 Ra1
44. Qe3 Bc7 45. Qg5 Rxa3 46. Kh3 Raa6 47. b5 Rad6 48. Qxe5+ Kf8 49. Qxh5
Bb6 50. Qh8+ Kf7 51. Bc6 Bd4 52. Qe8+ Kg7 53. Qe7+ Kg8 54. g4 Rxc6 55. bxc6
1-0

[Event "ch-IND"]
[Site "Mumbai IND"]
[Date "2003.01.26"]
[Round "14"]
[White "Venkatesh,M"]
[Black "Kunte,A"]
[Result "1/2-1/2"]
[WhiteElo "2399"]
[BlackElo "2507"]
[EventDate "2003.01.18"]

1. e4 e5 2. Nf3 Nc6 3. Bb5 a6 4. Ba4 Nf6 5. O-O Be7 6. Re1 b5 7. Bb3 d6 8.
c3 O-O 9. h3 Nb8 10. d4 Nbd7 11. Nbd2 Bb7 12. Bc2 Re8 13. Nf1 Bf8 14. Ng3
g6 15. a4 c5 16. d5 c4 17. Bg5 h6 18. Be3 Nc5 19. Qc1 h5 20. Ra3 Rb8 21.
axb5 axb5 22. Bg5 Be7 23. Qd2 Qc7 24. Rea1 Ra8 25. Qe1 Rxa3 26. Rxa3 Ra8
27. Qa1 Rxa3 28. Qxa3 Bd8 29. Nd2 Nfd7 30. Be3 Qa5 31. Nb1 Ba6 32. Ne2 Qxa3
33. bxa3 Nb6 34. Nc1 Bc8 35. Na2 f5 36. f3 f4 37. Bxc5 dxc5 38. a4 bxa4 39.
Na3 Ba6 40. Kf1 Kf7 41. Nc1 Bh4 42. Ne2 Kf6 43. Nc1 Ke7 44. Ne2 Kd8 45. Nc1
Kc7 46. Ne2 Kb8 47. Nc1 Be7 48. Ne2 Bc8 49. Nc1 Ka7 50. Ne2 Ka6 51. Nc1 Ka5
52. Bd1 Ba6 53. Be2 Bh4 54. Na2 Bb5 55. Nc1 Bf6 56. Na2 Ka6 57. Nc1 Nc8 58.
Na2 Nd6 59. Nc1 Kb6 60. Na2 Bh4 61. Nc1 Ba6 62. Na2 Kc7 63. Nc1 Kb6 64. Na2
Ka7 65. Bd1 Nb5 66. Nb1 Kb6 67. Bxa4 Ka5 68. Bd1 Nd6 69. Ke2 Bb5 70. Nc1
Bg3 71. Kf1 Bh4 72. Ke2 Bd7 73. Kf1 g5 74. Nd2 Ba4 75. Be2 Kb5 76. Nb1 Ka5
77. Nd2 Bb5 78. Bd1 Bg3 79. Nb1 g4 80. hxg4 hxg4 81. Nd2 gxf3 82. gxf3 Bd7
83. Be2 Bh3+ 84. Kg1 Kb5 85. Nb1 Ka4 86. Bd1+ Ka5 87. Be2 Be1 88. Na2 Bc8
89. Kf1 Bg3 90. Nc1 Bh3+ 91. Kg1 Bd7 92. Kf1 Ba4 93. Nd2 Bb5 94. Bd1 Bd7
95. Be2 Bh3+ 96. Kg1 Be1 97. Nb1 Nb5 98. Na2 Nd6 99. Nc1 Bd7 100. Kf1 Bh4
101. Nd2 Bb5 102. Bd1 Kb6 103. Be2 Kc7 104. Nb1 Kd7 105. Nd2 Bd8 106. Nb1
Ba5 107. Ke1 Kc8 108. Kd2 Kb7 109. Na3 Ba6 110. Kc2 Bd8 111. Na2 Bh4 112.
Nc1 Kb6 113. Kb2 Ka5 114. Na2 Be1 115. Nc1 Kb6 116. Na2 Bf2 117. Nc1 Be3
118. Na2 Kb7 119. Nc1 Kc7 120. Nb3 Kb6 121. Nc1 Kb7 1/2-1/2

[Event "ch-IND"]
[Site "Mumbai IND"]
[Date "2003.01.26"]
[Round "14"]
[White "Bakre,T"]
[Black "Roy Chowdhury,S"]
[Result "1-0"]
[WhiteElo "2464"]
[BlackElo "2395"]
[EventDate "2003.01.18"]

1. e4 c5 2. Nf3 Nc6 3. d4 cxd4 4. Nxd4 e5 5. Nb5 d6 6. c4 Be7 7. b3 f5 8.
exf5 Bxf5 9. Bd3 Be6 10. Nd2 a6 11. Nc3 Nf6 12. Nde4 O-O 13. Ng5 Nd4 14.
Nxe6 Nxe6 15. O-O Qe8 16. Be3 Rd8 17. Bf5 Nc7 18. Bh3 Kh8 19. Nd5 Nfxd5 20.
cxd5 Qb5 21. a4 Qxd5 22. Bb6 Qc6 23. a5 Nd5 24. Bxd8 Rxd8 25. Rc1 Qb5 26.
Qg4 Nf4 27. Kh1 Bf6 28. g3 Qd5+ 29. f3 Nd3 30. Rc8 Qxa5 31. Qd7 Rxc8 32.
Qxc8+ Qd8 33. Qxb7 a5 34. Qb5 Nc5 35. Rd1 g6 36. Bf1 Kg7 37. Bc4 e4 38.
fxe4 Qe7 39. Qc6 Nxe4 40. Kg2 Bc3 41. Qd5 Nf6 42. Qf3 Qe5 43. Qe2 Qf5 44.
Qe7+ 1-0

[Event "ch-IND"]
[Site "Mumbai IND"]
[Date "2003.01.26"]
[Round "14"]
[White "Sriram,J"]
[Black "Prakash,G"]
[Result "1/2-1/2"]
[WhiteElo "2448"]
[BlackElo "2439"]
[EventDate "2003.01.18"]

1. d4 d5 2. c4 e6 3. Nc3 Nf6 4. cxd5 exd5 5. Bg5 c6 6. Qc2 Be7 7. e3 Nbd7
8. Bd3 Nh5 9. Bxe7 Qxe7 10. Nge2 g6 11. O-O-O Nb6 12. Kb1 Be6 13. Na4 Nxa4
1/2-1/2

[Event "ch-IND"]
[Site "Mumbai IND"]
[Date "2003.01.26"]
[Round "14"]
[White "Soman,S"]
[Black "Ravi,L"]
[Result "0-1"]
[WhiteElo "2364"]
[BlackElo "2419"]
[EventDate "2003.01.18"]

1. d4 d5 2. c4 dxc4 3. e3 c5 4. Bxc4 cxd4 5. exd4 e6 6. Nf3 Nf6 7. O-O Be7
8. Nc3 O-O 9. Qe2 a6 10. a4 Nc6 11. Rd1 Nb4 12. Bg5 Nfd5 13. Bxe7 Nxe7 14.
Rac1 b6 15. Ne5 Bb7 16. Qg4 Ned5 17. Nxd5 Nxd5 18. Bd3 Rc8 19. Rxc8 Qxc8
20. Qh4 h6 21. Qg3 Rd8 22. h3 Qc7 23. f4 Ne7 24. Qf2 f6 25. Ng4 Qc6 26. Qc2
Qxc2 27. Bxc2 Nd5 28. Be4 f5 29. Bxd5 Bxd5 30. Ne3 Bb3 31. Rd2 Bxa4 32. d5
Bb3 33. d6 a5 34. d7 Kf8 35. Rd6 b5 36. Kf1 Ke7 37. Rb6 b4 38. Rb5 Ra8 39.
Rb7 Kd8 40. Ke1 Ba4 41. Nc4 Bc6 42. Rb6 Kc7 43. b3 Bd5 44. Rb5 Bxc4 45.
Rc5+ Kxd7 46. Rxc4 Rc8 47. Rd4+ Ke7 48. Rd1 Rc3 49. Ra1 Rxb3 50. Rxa5 g5
51. fxg5 hxg5 52. Kf2 Kf6 53. Rb5 Rb1 54. Kf3 b3 0-1

[Event "ch-IND"]
[Site "Mumbai IND"]
[Date "2003.01.26"]
[Round "14"]
[White "Sundararajan,K"]
[Black "Ganguly,S"]
[Result "1/2-1/2"]
[WhiteElo "2416"]
[BlackElo "2556"]
[EventDate "2003.01.18"]

1. Nf3 d5 2. d4 Nf6 3. c4 dxc4 4. e3 e6 5. Bxc4 c5 6. O-O a6 7. dxc5 Qxd1
8. Rxd1 Bxc5 9. Nbd2 b6 10. Be2 Bb7 11. Nb3 Be7 12. Nfd4 Nbd7 13. f3 O-O
14. e4 Rfc8 15. Be3 Nc5 16. Nxc5 Bxc5 17. Kf2 Kf8 18. Rac1 Rd8 19. a3 a5
20. Nb5 Bxe3+ 21. Kxe3 Rxd1 22. Bxd1 Rc8 23. Rxc8+ 1/2-1/2